000 00498cam a22001931 4500
001 3110151
005 20180226034934.0
008 730102s1952 nyua 000 0 eng
010 _a 52002356
040 _aDLC
_cDLC
_dDLC
041 _aeng
080 _a620.2 ESH
082 0 0 _a620.2 ESH
100 1 _a27
101 _aIM
245 1 0 _aHandbook of engineering fundamentals,
_cprepared by a staff of specialists.
906 _a7
_bcbc
_corignew
_du
_eocip
_f19
_gy-gencatlg
942 _2ddc
_cBK
999 _c43403
_d43403